<?xml version="1.0" encoding="UTF-8"?><?xml-stylesheet type="text/xsl" href="static/style.xsl"?><OAI-PMH xmlns="http://www.openarchives.org/OAI/2.0/" xmlns:xsi="http://www.w3.org/2001/XMLSchema-instance" xsi:schemaLocation="http://www.openarchives.org/OAI/2.0/ http://www.openarchives.org/OAI/2.0/OAI-PMH.xsd"><responseDate>2026-06-01T03:18:35Z</responseDate><request verb="GetRecord" identifier="oai:riubu.ubu.es:10259/7635" metadataPrefix="marc">https://riubu.ubu.es/oai/request</request><GetRecord><record><header><identifier>oai:riubu.ubu.es:10259/7635</identifier><datestamp>2023-04-11T00:05:21Z</datestamp><setSpec>com_10259_3830</setSpec><setSpec>com_10259_5086</setSpec><setSpec>com_10259_2604</setSpec><setSpec>col_10259_3832</setSpec></header><metadata><record xmlns="http://www.loc.gov/MARC21/slim" xmlns:doc="http://www.lyncode.com/xoai" xmlns:xsi="http://www.w3.org/2001/XMLSchema-instance" xmlns:dcterms="http://purl.org/dc/terms/" xsi:schemaLocation="http://www.loc.gov/MARC21/slim http://www.loc.gov/standards/marcxml/schema/MARC21slim.xsd">
<leader>00925njm 22002777a 4500</leader>
<datafield tag="042" ind1=" " ind2=" ">
<subfield code="a">dc</subfield>
</datafield>
<datafield tag="720" ind1=" " ind2=" ">
<subfield code="a">Mauhe, Nicolas</subfield>
<subfield code="e">author</subfield>
</datafield>
<datafield tag="720" ind1=" " ind2=" ">
<subfield code="a">Izquierdo Millán, Luis Rodrigo</subfield>
<subfield code="e">author</subfield>
</datafield>
<datafield tag="720" ind1=" " ind2=" ">
<subfield code="a">Izquierdo, Segismundo S.</subfield>
<subfield code="e">author</subfield>
</datafield>
<datafield tag="260" ind1=" " ind2=" ">
<subfield code="c">2023-03</subfield>
</datafield>
<datafield tag="520" ind1=" " ind2=" ">
<subfield code="a">This paper discusses a prominent way in which social simulations can contribute (and have contributed) to the advance of science; namely, by refuting some of our incorrect beliefs about how the real world works. More precisely, social simulations can produce counter-examples that reveal something is wrong in a prevailing scientific assumption. Indeed, here we argue that this is a role that many well-known social simulation models have played, and it may be one of the main reasons why such well-known models have become so popular. To test this hypothesis, here we examine several popular models in the social simulation literature and we find that all these models are most naturally interpreted as providers of compelling and reproducible (computer-generated) evidence that refuted some assumption or belief in a prevailing theory. By refuting prevailing theories, these models have greatly advanced science and, in some cases, have even opened a new field of research.</subfield>
</datafield>
<datafield tag="024" ind2=" " ind1="8">
<subfield code="a">1460-7425</subfield>
</datafield>
<datafield tag="024" ind2=" " ind1="8">
<subfield code="a">http://hdl.handle.net/10259/7635</subfield>
</datafield>
<datafield tag="024" ind2=" " ind1="8">
<subfield code="a">10.18564/jasss.5076</subfield>
</datafield>
<datafield tag="024" ind2=" " ind1="8">
<subfield code="a">1460-7425</subfield>
</datafield>
<datafield ind1=" " ind2=" " tag="653">
<subfield code="a">Social Simulation</subfield>
</datafield>
<datafield ind1=" " ind2=" " tag="653">
<subfield code="a">Computer Simulation</subfield>
</datafield>
<datafield ind1=" " ind2=" " tag="653">
<subfield code="a">Refutation</subfield>
</datafield>
<datafield ind1=" " ind2=" " tag="653">
<subfield code="a">Modelling</subfield>
</datafield>
<datafield ind1=" " ind2=" " tag="653">
<subfield code="a">Counter-Example</subfield>
</datafield>
<datafield ind1=" " ind2=" " tag="653">
<subfield code="a">Markov Chain</subfield>
</datafield>
<datafield tag="245" ind1="0" ind2="0">
<subfield code="a">Social Simulation Models as Refuting Machines</subfield>
</datafield>
</record></metadata></record></GetRecord></OAI-PMH>